000
00267nam a2200109Ia 4500
008
190216s9999||||xx |||||||||||||| ||und||
100
_a
Singh Y.P
245
0
_a
Effective Investment Management
260
_b
Himalaya Publishing House
_c
2002
300
_a
262
942
_c
BK
999
_c
6165
_d
6165